000 01053nam a2200265Ia 4500
003 OSt
005 20221005104728.0
006 a|||||r|||| 00| 0
007 ta
008 221004b |||||||| |||| 00| 0 hin d
020 _c130
024 _a8763
037 _b20477, 08/01/2014, Hindi Madhyam Karyanvyan Nideshalye
_cTextual
040 _aCRL
_cCRL
_bhin
041 _2hin
_ahin
082 _aV41:1.N9, 152N4
100 _aमहांति, मनोरंजन, संपा.
245 0 _aचीनी क्रांति
246 _aChīnī krāanti
260 _aदिल्ली
_bविश्वविद्यालय हिन्दी माध्यम कार्यान्वय निदेशालय भारत
_c1994
300 _a166पृ0
_ccm.
650 _aभारत-इतिहास
_9156353
942 _hV41:1.N9, 152N4
_cTEXL
_2cc
999 _c1013613
_d1013613